| 000 | 00765nam a2200229 a 4500 | ||
|---|---|---|---|
| 003 | OSt | ||
| 005 | 20140516145916.0 | ||
| 008 | 140128s2014 spcad|| |||| 000 0 spa d | ||
| 020 | _a9788490297797 | ||
| 040 |
_bcat _cCDMR |
||
| 245 | 0 | 0 |
_aEstrategias y gestión de la comunicación online y offline _cVíctor Cavaller ... [et al.] |
| 260 |
_aBarcelona _bEditorial UOC _c2013 |
||
| 300 |
_a189 p. _bil., gràf. _c24 cm |
||
| 490 | 1 |
_a[Manuales] ; _v275. _aComunicación |
|
| 650 | 0 | 4 | _aCibermetria |
| 650 | 0 | 4 | _aCerca a Internet |
| 650 | 0 | 4 |
_aComunicació _xAvaluació |
| 700 | 1 | _aCavaller Reyes, Víctor | |
| 830 | 0 |
_aManuales (Universitat Oberta de Catalunya) ; _v275 |
|
| 830 | 0 |
_aManuales (Universitat Oberta de Catalunya). _pComunicación |
|
| 942 |
_2udc _cMON |
||
| 999 |
_c6692 _d6692 |
||